Ochrana zamestnaneckého diela
Dielo vytvorené autorom na splnenie povinností vyplývajúcich mu z pracovnoprávneho vzťahu alebo z obdobného pracovného vzťahu sa považuje za zamestnanecké dielo. Zamestnanec ako autor, má k zamestnaneckému dielu výhradné osobnostné práva. Do autorského práva neoprávnene zasahuje každý, kto vedome ob...
Gespeichert in:
| 1. Verfasser: | |
|---|---|
| Format: | Buchkapitel |
| Sprache: | Slowakisch |
| Schlagworte: | |
| Tags: |
Keine Tags, Fügen Sie das erste Tag hinzu!
|
MARC
| LEADER | 00000naa a2200000 4500 | ||
|---|---|---|---|
| 001 | 0209961 | ||
| 005 | 20231120135227.6 | ||
| 041 | 0 | |a slo | |
| 044 | |a SK | ||
| 245 | 1 | 0 | |a Ochrana zamestnaneckého diela |c Ľudmila Kohútová |
| 520 | |a Dielo vytvorené autorom na splnenie povinností vyplývajúcich mu z pracovnoprávneho vzťahu alebo z obdobného pracovného vzťahu sa považuje za zamestnanecké dielo. Zamestnanec ako autor, má k zamestnaneckému dielu výhradné osobnostné práva. Do autorského práva neoprávnene zasahuje každý, kto vedome obchádza účinné technologické opatrenia a ochranu práva, alebo sa nedožaduje súhlasu na použitie diela, prípadne vedome a bez súhlasu autora umožňuje porušovanie autorské práva. | ||
| 610 | 2 | 0 | |a zamestnanci |
| 610 | 2 | 0 | |a diela zamestnanecké |
| 610 | 2 | 0 | |a právo autorské |
| 610 | 2 | 0 | |a ochrana vlastníctva |
| 610 | 2 | 0 | |a ochrana právna |
| 610 | 2 | 0 | |a ochrana informácií |
| 610 | 2 | 0 | |a ochrana autorstva |
| 100 | 1 | |a Kohútová, Ľudmila | |